[Event "8 Player Open 7"]
[Site "SchemingMind.com"]
[Date "2014.07.13"]
[Round "-"]
[White "Andromeda"]
[Black "GBEDARD"]
[Result "0-1"]
[WhiteCountry "GER"]
[BlackCountry "USA"]
[WhiteElo "1796"]
[WhiteRD "136"]
[BlackElo "2034"]
[BlackRD "64"]
[GameID "361448"]

1. d4 Nf6 2. c4 e6 3. Nf3 c5 4. d5 exd5 5. cxd5 d6 6. Nc3 g6 7. e4 Bg7 8. Be2 O-O 9. O-O Re8 10. Nd2 Na6
11. f3 Nc7 12. a4 Nd7 13. Nc4 Nb6 14. Bf4 Bd4+ 15. Kh1 Nxc4 16. Bxc4 Qf6 17. Qd2 Bd7 18. Be3 Bxe3 19. Qxe3 Qh4 20. Qd3 f5
21. Rae1 Re7 22. e5 Rxe5 23. Rxe5 dxe5
0-1

[Event "8 Player Open 7"]
[Site "SchemingMind.com"]
[Date "2014.07.18"]
[Round "-"]
[White "harijs"]
[Black "Andromeda"]
[Result "1-0"]
[WhiteCountry "LAT"]
[BlackCountry "GER"]
[WhiteElo "2196"]
[WhiteRD "115"]
[BlackElo "1691"]
[BlackRD "194"]
[GameID "361451"]

1. e4 e6 2. d4 d5 3. Nc3 Bb4 4. Qg4 Qf6 5. exd5 Ne7 6. Bb5+ c6 7. dxc6 Nbxc6 8. Bd2 O-O 9. Nf3 Rd8 10. O-O-O h6
11. Ne4 Bxd2+ 12. Rxd2
1-0

[Event "8 Player Open 7"]
[Site "SchemingMind.com"]
[Date "2014.07.18"]
[Round "-"]
[White "Andromeda"]
[Black "harijs"]
[Result "0-1"]
[WhiteCountry "GER"]
[BlackCountry "LAT"]
[WhiteElo "1796"]
[WhiteRD "136"]
[BlackElo "2236"]
[BlackRD "110"]
[GameID "361452"]

1. e4 c5 2. Nf3 d6 3. d4 cxd4 4. c3 dxc3 5. Nxc3 Nc6 6. Bc4 e6 7. O-O a6 8. Qe2 Nge7 9. Bf4 Ng6 10. Bg3 b5
11. Bb3 Bb7 12. Rfd1 Na5 13. Bc2 Rc8 14. a3 Be7 15. h4 Qb6 16. h5 Nf8 17. Rac1 Nd7 18. Bb1 Nc4
0-1

[Event "8 Player Open 7"]
[Site "SchemingMind.com"]
[Date "2014.07.13"]
[Round "-"]
[White "fanfan_la_Tulipe"]
[Black "Andromeda"]
[Result "1-0"]
[WhiteCountry "AUT"]
[BlackCountry "GER"]
[WhiteElo "2038"]
[WhiteRD "70"]
[BlackElo "1691"]
[BlackRD "194"]
[GameID "361453"]

1. d4 Nf6 2. c4 e6 3. Nc3 b6 4. e4 Bb4 5. f3 Bxc3+ 6. bxc3 d6 7. Bd3 c5 8. Ne2 Nc6 9. O-O Na5 10. Ng3 Ba6
11. Qe2 Qc7 12. d5 O-O-O 13. Bg5 h6 14. Bxf6 gxf6 15. Nh5 Qe7 16. Nf4 Kb8 17. dxe6 fxe6 18. Ng6
1-0

[Event "8 Player Open 7"]
[Site "SchemingMind.com"]
[Date "2014.07.13"]
[Round "-"]
[White "Andromeda"]
[Black "fanfan_la_Tulipe"]
[Result "0-1"]
[WhiteCountry "GER"]
[BlackCountry "AUT"]
[WhiteElo "1796"]
[WhiteRD "136"]
[BlackElo "2059"]
[BlackRD "70"]
[GameID "361454"]

1. e4 c5 2. Nf3 e6 3. d4 cxd4 4. c3 dxc3 5. Nxc3 Nc6 6. Bc4 Bc5 7. O-O Nge7 8. Bf4 a6 9. e5 Ng6 10. Bg3 O-O
11. Ne4 Be7 12. Nd6 Qa5 13. Re1 Qb4 14. b3 b5 15. a3 Qc5 16. b4 Qb6 17. Bb3 Bb7 18. Nxb7 Qxb7 19. h4 f6 20. exf6 Bxf6
21. Rc1 Bb2
0-1

[Event "8 Player Open 7"]
[Site "SchemingMind.com"]
[Date "2014.07.13"]
[Round "-"]
[White "Andromeda"]
[Black "Dempa"]
[Result "1-0"]
[WhiteCountry "GER"]
[BlackCountry "CRO"]
[WhiteElo "1796"]
[WhiteRD "136"]
[BlackElo "1239"]
[BlackRD "113"]
[GameID "361457"]

1. d4 Nf6 2. g3 e6 3. Bg2 d5 4. Nf3 c5 5. O-O cxd4 6. Nxd4 e5 7. Nf3 Nc6 8. Nbd2 e4 9. Ng5 h6 10. Nh3 Bd6
11. e3
1-0

[Event "8 Player Open 7"]
[Site "SchemingMind.com"]
[Date "2014.07.13"]
[Round "-"]
[White "Dempa"]
[Black "Andromeda"]
[Result "0-1"]
[WhiteCountry "CRO"]
[BlackCountry "GER"]
[WhiteElo "1239"]
[WhiteRD "113"]
[BlackElo "1796"]
[BlackRD "136"]
[GameID "361458"]

1. Nf3 e6 2. c4 f5 3. g3 Nf6 4. Bg2 b6 5. O-O Bb7 6. d4 Be7 7. d5 exd5 8. Nd4 g6 9. cxd5 Bxd5 10. Bxd5 Nxd5
11. Nxf5 Nf6 12. Nxe7 Qxe7
0-1